[Event "Challenge"]
[Site "http://www.queenalice.com/game.php?id=1593734"]
[Date "2019.12.22"]
[Round "-"]
[White "recchdegomm1"]
[Black "DAN1958"]
[Result "0-1"]
[WhiteElo "1403"]
[BlackElo "1516"]

1. e4 e5 2. Nf3 f6 3. Bc4 Ne7 4. d4 Nbc6 5. b3 Ng6 6. g3 a6 7. d5 Na5 8. Bd2 c5
9. b4 Nxc4 10. Bc1 Nd6 11. Qe2 Nb5 12. c4 Nd6 13. bxc5 Nf7 14. a4 Qa5+ 15. Bd2
Qxc5 16. O-O Bd6 17. Nh4 Nxh4 18. gxh4 g5 19. Qh5 Qxc4 20. Na3 Qxe4 21. hxg5
fxg5 22. Bxg5 Qg6 23. Qxg6 hxg6 24. Bf6 Bxa3 25. Rxa3 b5 26. Bxh8 Nxh8 27. Re1
d6 28. f4 Nf7 29. axb5 Nd8 30. fxe5 Bb7 31. exd6+ Kd7 32. Rae3 Bxd5 33. Ra3 Kxd6
34. Rg3 Bf7 35. b6 Nb7 36. Rf1 Be8 37. Rf6+ Ke7 38. Rf4 Nd6 39. Re3+ Kd7 40. h4
Rb8 41. Rb4 Nb5 42. Ra4 Rxb6 43. Rd3+ Kc8 44. Rg3 Nc7 45. Ra1 Bd7 46. Rd3 Rb4
47. Rg3 Bf5 48. h5 gxh5 49. Rg8+ Kb7 50. Rh8 Rg4+ 51. Kh2 h4 52. Rc1 Rd4 53. Rf8
Bg4 54. Rh8 Rd2+ 55. Kg1 h3 56. Rh7 Rg2+ 57. Kh1 Bf5 58. Rcxc7+ Kb6 59. Rb7+ Kc6
60. Rbf7 Be4 61. Rh6+ Rg6+ 62. Kh2 Rxh6 63. Ra7 Kb6 64. Rg7 Kc5 65. Rg5+ Kd4 66.
Rg1 Ke3 67. Re1+ Kf4 68. Rf1+ Ke3 69. Re1+ Kd4 70. Rd1+ Kc5 71. Rd8 a5 72. Rd1
a4 73. Rc1+ Kb4 74. Re1 Bh7 75. Rf1 a3 76. Rf4+ Kb3 77. Rf3+ Kb2 78. Rf2+ Kb3
79. Rf3+ Kb2 80. Rf2+ Bc2 81. Rf3 a2 82. Rf8 a1=Q 83. Rb8+ Kc1 84. Rf8 Qe5+ 85.
Kh1 Be4+ 86. Rf3 Bxf3+ 87. Kg1 h2+ 0-1

[Event "Challenge"]
[Site "http://www.queenalice.com/game.php?id=1593871"]
[Date "2019.12.23"]
[Round "-"]
[White "recchdegomm1"]
[Black "mariesco"]
[Result "1-0"]
[WhiteElo "1391"]
[BlackElo "1447"]

1. e4 e5 2. Nf3 Nc6 3. Bc4 Bc5 4. a3 Nf6 5. b4 Bb6 6. Nc3 O-O 7. Nxe5 Nxe5 8. d3
Bd4 9. Bb2 d6 10. h3 Nh5 11. Qxh5 Qf6 12. Nd1 Bb6 13. Ne3 c6 14. d4 Nxc4 15.
Nxc4 Bxd4 16. Qf3 Bxb2 17. Rb1 Bc3+ 18. Kf1 b5 19. Na5 Bd7 20. h4 Rac8 21. Rd1
Rfe8 22. Qe3 c5 23. Nb7 Be5 24. bxc5 Bf4 25. Qd4 Rc7 26. cxd6 Bxd6 27. Nxd6 Re7
28. Qd3 a6 29. Nf5 Qc3 30. Nxe7+ Kh8 31. Nd5 Qxc2 32. Nxc7 Qxd3+ 33. Rxd3 g6 34.
Rxd7 Kg7 35. e5 b4 36. axb4 g5 37. hxg5 Kg6 38. Nxa6 1-0

[Event "Challenge"]
[Site "http://www.queenalice.com/game.php?id=1593980"]
[Date "2019.12.24"]
[Round "-"]
[White "recchdegomm1"]
[Black "antoniozla"]
[Result "0-1"]
[WhiteElo "1393"]
[BlackElo "1792"]

1. e4 e5 2. Nf3 Nc6 3. Bc4 Bc5 4. O-O Nf6 5. Re1 h6 6. Nc3 d6 7. a3 Bg4 8. Nd5
a6 9. b4 Ba7 10. b5 Bxf3 11. Qxf3 Nd4 12. Qc3 axb5 13. Bb3 c6 14. Nxf6+ Qxf6 15.
Qg3 c5 16. c3 Nxb3 17. Ra2 c4 18. d4 cxd3 19. Rb2 Nxc1 20. Rxc1 Qf4 21. Qxf4
exf4 22. Rd1 O-O 23. Rxd3 Bc5 24. Rxb5 Rxa3 25. Rxb7 Ra1+ 26. Rd1 Rxd1# 0-1

[Event "Challenge"]
[Site "http://www.queenalice.com/game.php?id=1594630"]
[Date "2019.12.31"]
[Round "-"]
[White "recchdegomm1"]
[Black "Givanildo"]
[Result "0-1"]
[WhiteElo "1427"]
[BlackElo "1592"]

1. e4 d5 2. Nc3 dxe4 3. Bc4 a6 4. d3 exd3 5. cxd3 Bf5 6. Qf3 e6 7. Nge2 b5 8.
Qxa8 bxc4 9. d4 c6 10. b3 Bd6 11. Qb7 Ne7 12. f3 O-O 13. bxc4 Qa5 14. c5 Bc7 15.
Qb3 Nd7 16. g4 Bg6 17. h4 h6 18. h5 Bh7 19. Qb7 Nd5 20. Bd2 Nxc3 21. Nxc3 Bg3+
22. Kf1 Bd3+ 23. Kg2 Bc7 24. Qxc6 Rd8 25. d5 exd5 26. Rad1 Ne5 27. Nxd5 Qxa2 28.
Qxc7 Qxd5 29. Rh3 Nxg4 30. Ba5 Ne3+ 31. Kf2 Nxd1+ 32. Kg2 Qg5+ 33. Rg3 Ne3+ 34.
Kf2 Nd1+ 35. Ke1 Re8+ 36. Kxd1 Be2+ 37. Ke1 Bxf3+ 38. Kf2 Qxh5 39. Bc3 Re2+ 40.
Kf1 Qh1+ 41. Rg1 Qh3+ 42. Rg2 Qxg2# 0-1

[Event "Challenge"]
[Site "http://www.queenalice.com/game.php?id=1594929"]
[Date "2020.1.2"]
[Round "-"]
[White "recchdegomm1"]
[Black "antoniozla"]
[Result "0-1"]
[WhiteElo "1409"]
[BlackElo "1794"]

1. e4 e5 2. Nf3 Nc6 3. Bc4 Nf6 4. d4 exd4 5. Qe2 Bb4+ 6. Bd2 O-O 7. a3 Bxd2+ 8.
Nbxd2 Re8 9. Nxd4 Nxd4 10. Qd1 Nxe4 11. c3 Nxc3+ 12. Be2 Nxd1 13. Rxd1 Rxe2+ 14.
Kf1 Qg5 15. Ne4 Qf5 16. Rxd4 Rxe4 17. f3 Rxd4 18. g4 Qxf3+ 19. Ke1 Rd1# 0-1

[Event "Challenge"]
[Site "http://www.queenalice.com/game.php?id=1595383"]
[Date "2020.1.7"]
[Round "-"]
[White "recchdegomm1"]
[Black "mariesco"]
[Result "1-0"]
[WhiteElo "1418"]
[BlackElo "1489"]

1. e4 Nc6 2. Nf3 e5 3. Nc3 g6 4. Bc4 Nd4 5. d3 Qf6 6. O-O d6 7. Nxd4 exd4 8. Nd5
Qd8 9. b3 c5 10. Re1 Bg7 11. b4 b6 12. Ba3 Nf6 13. e5 Nh5 14. exd6+ Kf8 15. Re4
Nf6 16. Re2 Qxd6 17. Qd2 Ng4 18. f4 Bh6 19. Rae1 Be6 20. Re5 Re8 21. bxc5 bxc5
22. Qe2 Nxe5 23. fxe5 Qb8 24. Bxc5+ Kg8 25. Nf6+ Kg7 26. Nxe8+ Qxe8 27. Bxd4 Qd7
28. Qf2 Ra8 29. Qf6+ Kf8 30. Qh8+ Ke7 31. Bc5+ 1-0

[Event "Challenge"]
[Site "http://www.queenalice.com/game.php?id=1596772"]
[Date "2020.1.20"]
[Round "-"]
[White "recchdegomm1"]
[Black "Givanildo"]
[Result "0-1"]
[WhiteElo "1392"]
[BlackElo "1718"]

1. e4 d5 2. Nf3 dxe4 3. Bc4 exf3 4. Qxf3 e6 5. O-O Bc5 6. Re1 c6 7. b3 Bd4 8. c3
Bc5 9. g3 Nf6 10. b4 Be7 11. d4 h6 12. b5 Bd7 13. Na3 a5 14. Bf4 Bxa3 15. Rab1
cxb5 16. Bxb5 Nc6 17. Be5 Nxe5 18. Qxb7 Rb8 19. Qa7 Rxb5 20. dxe5 Ng4 21. Qa6
Nxe5 22. Kf1 Nf3 23. Re3 Nxh2+ 0-1

[Event "Challenge"]
[Site "http://www.queenalice.com/game.php?id=1596973"]
[Date "2020.1.21"]
[Round "-"]
[White "recchdegomm1"]
[Black "antoniozla"]
[Result "0-1"]
[WhiteElo "1375"]
[BlackElo "1809"]

1. e4 e5 2. Nf3 Nc6 3. Bc4 Nf6 4. Nc3 d6 5. d4 exd4 6. Nxd4 Bd7 7. O-O h6 8. a3
Ne5 9. Qe2 Bg4 10. Nf3 Nxc4 11. e5 dxe5 12. b3 Nb6 13. Qxe5+ Be7 14. Nb5 O-O 15.
Bf4 c6 16. Qc7 Bxf3 17. gxf3 Nfd5 18. Qe5 Nxf4 19. Qxf4 cxb5 20. Rfd1 Nd5 21.
Qe4 Nc3 22. Rxd8 Nxe4 23. Rd7 Ng5 24. Rxe7 Nxf3+ 25. Kf1 Nd4 26. Rc1 b6 27. Re5
Rfe8 28. Rd5 Rad8 29. c4 bxc4 30. Rxc4 Rxd5 31. b4 Nb5 32. a4 Nd6 33. Rc1 Rd4
34. Rb1 Ree4 35. f3 Rf4 36. Rb3 Rxb4 37. Rd3 Ne4 38. Rd8+ Kh7 39. Rd7 Rxa4 40.
Rd1 Ra2 41. h3 Rxf3+ 42. Kg1 Rxh3 43. Kf1 Rh1# 0-1

[Event "Challenge"]
[Site "http://www.queenalice.com/game.php?id=1605675"]
[Date "2020.4.3"]
[Round "-"]
[White "recchdegomm1"]
[Black "JSFraga_RS"]
[Result "0-1"]
[WhiteElo "1412"]
[BlackElo "1429"]

1. e4 e5 2. Nf3 d6 3. d4 exd4 4. Nxd4 Nc6 5. Nc3 Be6 6. Be3 Nf6 7. Nxe6 fxe6 8.
Bb5 Qd7 9. O-O a6 10. Bxc6 bxc6 11. e5 dxe5 12. Qf3 Be7 13. Rad1 Nd5 14. Rfe1
O-O-O 15. Na4 Rdf8 16. Qe2 a5 17. Bd2 Rf5 18. Qa6+ Kd8 19. c4 Nb6 20. Nxb6 Bb4
21. Nxd7 Kxd7 22. Bxb4+ Ke8 23. Qxc6+ Kf7 24. Rd7+ Kg6 25. Rxc7 Rhf8 26. Bxf8
Rxf8 27. Qxe6+ Kg5 0-1

[Event "Challenge"]
[Site "http://www.queenalice.com/game.php?id=1606407"]
[Date "2020.4.7"]
[Round "-"]
[White "recchdegomm1"]
[Black "antoniozla"]
[Result "1-0"]
[WhiteElo "1373"]
[BlackElo "1811"]

1. e4 e5 2. Nf3 Nc6 3. d4 exd4 4. Bc4 Bc5 5. O-O h6 6. c3 dxc3 7. a3 cxb2 8.
Bxb2 f6 9. a4 a6 10. Re1 d6 11. Nh4 Nge7 12. Qh5+ Kd7 13. Be2 Qe8 14. Qg4+ Kd8
15. Qf3 Bd4 16. Qb3 Bxb2 17. Qxb2 Ne5 18. f3 N7g6 19. Nf5 Bxf5 20. exf5 Nf4 21.
Qxb7 Nxe2+ 22. Rxe2 Kd7 23. f4 Rb8 24. Qxa6 Ra8 25. Qb5+ Kd8 26. Qb3 Qh5 27. Re1
Nc6 28. Qd3 Kd7 29. Rc1 Nb4 30. Qe4 Na6 31. Qc6+ Kd8 32. Qxa8+ Kd7 33. Qxa6 Qxf5
34. Qc4 Re8 35. Qxc7+ Ke6 36. Re1+ 1-0

[Event "Challenge"]
[Site "http://www.queenalice.com/game.php?id=1607249"]
[Date "2020.4.12"]
[Round "-"]
[White "recchdegomm1"]
[Black "antoniozla"]
[Result "0-1"]
[WhiteElo "1418"]
[BlackElo "1796"]

1. e4 e5 2. Nf3 Nc6 3. Bc4 Bc5 4. d3 h6 5. Nc3 Nf6 6. O-O d6 7. Nd5 Nxd5 8. Bxd5
Bg4 9. c3 a6 10. b4 Ba7 11. Bxc6+ bxc6 12. Qa4 Qd7 13. Qxa6 Bxf2+ 14. Rxf2 Rxa6
15. Nh4 O-O 16. Be3 Ra3 17. Bd2 Rfa8 18. Raf1 f6 19. Bxh6 Rxa2 20. Bc1 Rxf2 21.
Kxf2 Ra2+ 22. Kg1 d5 23. c4 dxe4 24. Nf5 Bxf5 25. Re1 Qxd3 26. Rf1 e3 27. Re1 e2
28. b5 Qd1 29. Kf2 cxb5 30. c5 Bd3 31. c6 Ra1 32. Kg1 Qxe1# 0-1

[Event "Challenge"]
[Site "http://www.queenalice.com/game.php?id=1608048"]
[Date "2020.4.17"]
[Round "-"]
[White "recchdegomm1"]
[Black "antoniozla"]
[Result "0-1"]
[WhiteElo "1416"]
[BlackElo "1798"]

1. e4 e5 2. Nf3 Nc6 3. Bc4 Bc5 4. Nc3 d6 5. O-O Bg4 6. d3 h6 7. Nd5 a6 8. Re1 b5
9. c3 bxc4 10. Qa4 Qd7 11. b4 Ba7 12. b5 axb5 13. Qxb5 Bxf3 14. gxf3 Nge7 15.
Qxc4 O-O 16. Qa4 Bxf2+ 17. Kxf2 Rxa4 18. Rg1 Qh3 19. Rg2 Nxd5 20. exd5 Ne7 21.
Be3 Nxd5 22. d4 Nxe3 23. Kxe3 Qxg2 24. dxe5 dxe5 25. Rd1 Qg5+ 26. f4 Qxf4+ 27.
Ke2 Rxa2+ 28. Ke1 Qf2# 0-1

[Event "Challenge"]
[Site "http://www.queenalice.com/game.php?id=1608419"]
[Date "2020.4.20"]
[Round "-"]
[White "recchdegomm1"]
[Black "antoniozla"]
[Result "0-1"]
[WhiteElo "1414"]
[BlackElo "1823"]

1. e4 e5 2. Nf3 Nc6 3. d4 Bb4+ 4. c3 Ba5 5. b4 Bb6 6. b5 Nce7 7. Bc4 h6 8. O-O
d6 9. a4 a6 10. bxa6 bxa6 11. Nbd2 Bg4 12. h3 Bh5 13. g4 Bg6 14. a5 Ba7 15. h4
exd4 16. Nxd4 Nf6 17. f3 Nc6 18. Qa4 Bxd4+ 19. cxd4 Qd7 20. h5 Bh7 21. Re1 O-O
22. Bb2 Rfb8 23. Bc3 Ne7 24. Qa2 Rf8 25. Nf1 d5 26. Bb3 dxe4 27. Qa3 Ned5 28.
Ba4 Qd6 29. Bb2 exf3 30. Qxf3 Qf4 31. Bd1 Qxf3 32. Bxf3 Rfe8 33. Bxd5 Nxd5 34.
Rec1 Re2 35. Ra2 Rb8 36. Rc6 Rbxb2 37. Rxa6 Be4 38. Ra8+ Kh7 39. Rxb2 Rxb2 40.
a6 Ra2 41. a7 Ne3 42. Rc8 Nxf1 43. Kxf1 Rxa7 44. Re8 Bd5 45. Rd8 c6 46. Re8 Ra4
47. Re1 Rxd4 48. Re5 Rxg4 49. Re8 Rg5 50. Re1 Rxh5 51. Ke2 Rh1 52. Kd1 Rxe1+ 53.
Kxe1 Kg6 54. Ke2 Kf5 55. Kd2 Kf4 56. Kc2 h5 57. Kc3 h4 58. Kd3 h3 59. Kc3 h2 60.
Kc2 h1=Q 61. Kc3 Qe4 62. Kd2 Kf3 63. Kc1 Ke3 64. Kd1 Qg2 65. Kc1 Be4 66. Kd1
Qd2# 0-1

[Event "Challenge"]
[Site "http://www.queenalice.com/game.php?id=1609553"]
[Date "2020.4.26"]
[Round "-"]
[White "recchdegomm1"]
[Black "mariesco"]
[Result "0-1"]
[WhiteElo "1397"]
[BlackElo "1546"]

1. e4 g6 2. b4 Bg7 3. Nc3 d6 4. Bc4 Nf6 5. Nge2 O-O 6. Ba3 e6 7. d4 Nc6 8. O-O
Nxe4 9. b5 Nxc3 10. Nxc3 Bxd4 11. Bb2 Qf6 0-1